| 000 | 00429nam a2200169 i 4500 | ||
|---|---|---|---|
| 001 | bg | ||
| 100 | 1 | _aREINGOLD, Edward M. | |
| 245 | 0 |
_aAlgorytmy kombinatoryczne / _cE.M. Reingold, J. Nievergelt, Deo Narsingh. |
|
| 260 |
_aWarszawa, _c1985. |
||
| 650 | 9 | _aAlgorytmy | |
| 700 | 1 | _aNIEVERGELT, Jurg | |
| 700 | 1 | _aNARSHING, Deo | |
| 040 | _cBPK | ||
| 041 | _apol | ||
| 942 | _cKS | ||
| 008 | s pl f |000 0 pol | ||
| 999 |
_c28148 _d28148 |
||
| 856 |
_uhttp://koha.tu.koszalin.pl/cgi-bin/koha/opac-detail.pl?biblionumber=28148 _yKatalog online BPK |
||